000 01227nam a2200313 i 4500
001 13449
003 ES-MaACL
005 20240201133456.0
007 t|
008 980406s1997 sp |||| |dspa d
020 _a84-7477-666-X
080 _a929 París, Carlos
080 _a1 París, Carlos (063)
111 2 _aCongreso Internacional "Ciencia, Técnica, Cultura" (
_d1992.
_cMadrid)
_9172407
245 1 0 _aCiencia, técnica y cultura :
_bCongreso Internacional : homenaje a la figura y la obra de Carlos París /
_c[Pedro Martínez Montávez ... et al.].
260 _aMadrid :
_bEdiciones de la Universidad Autónoma de Madrid,
_c[1997]
300 _a230 p. ;
_c24 cm.
490 1 _aColección de estudios ;
_v56
504 _aBibliografía de Carlos París: p. 17-30.
600 1 4 _aParís, Carlos,
_d1925-2014-
_vCongresos y asambleas
_9172406
610 2 4 _aAteneo de Madrid-
_vConferencias-
_y1983-1999.
_9168596
700 1 _aParís, Carlos,
_d1925-2014
_989133
700 1 _aMartínez Montávez, Pedro.
_978252
710 2 _aUniversidad Autónoma de Madrid.
_97060
830 1 _aColección de estudios ;
_v56
_9179478
852 4 _aES-MaACL
_jL-20866
942 _2udc
999 _c13449
_d13449